<?xml version="1.0" encoding="UTF-8"?>
<record
    xmlns:xsi="http://www.w3.org/2001/XMLSchema-instance"
    xsi:schemaLocation="http://www.loc.gov/MARC21/slim http://www.loc.gov/standards/marcxml/schema/MARC21slim.xsd"
    xmlns="http://www.loc.gov/MARC21/slim">

  <leader>01738cam a2200349 a 4500</leader>
  <controlfield tag="003">EG-GiCUC</controlfield>
  <controlfield tag="005">20250223030332.0</controlfield>
  <controlfield tag="008">110106s2010    ua d   f m    000 0 eng d</controlfield>
  <datafield tag="040" ind1=" " ind2=" ">
    <subfield code="a">EG-GiCUC</subfield>
    <subfield code="b">eng</subfield>
    <subfield code="c">EG-GiCUC</subfield>
  </datafield>
  <datafield tag="041" ind1="0" ind2=" ">
    <subfield code="a">eng</subfield>
  </datafield>
  <datafield tag="049" ind1=" " ind2=" ">
    <subfield code="a">Deposite</subfield>
  </datafield>
  <datafield tag="097" ind1=" " ind2=" ">
    <subfield code="a">Ph.D</subfield>
  </datafield>
  <datafield tag="099" ind1=" " ind2=" ">
    <subfield code="a">Cai01.07.06.Ph.D.2010.Em.A</subfield>
  </datafield>
  <datafield tag="100" ind1="0" ind2=" ">
    <subfield code="a">Emad Atef Helmy Guirguis</subfield>
  </datafield>
  <datafield tag="245" ind1="1" ind2="0">
    <subfield code="a">Application of hazard analysis and critical control point (HACCP) system in a dormitory food service / </subfield>
    <subfield code="c">Emad Atef Helmy Guirguis ; Supervised Olfat Sayed Mahmoud Barakat , Mohammed Reda Elsherbeeny Gomaa , Moawad Kamel Zahra</subfield>
  </datafield>
  <datafield tag="246" ind1="1" ind2="5">
    <subfield code="a">&#x62A;&#x637;&#x628;&#x64A;&#x642; &#x646;&#x638;&#x627;&#x645; &#x62A;&#x62D;&#x644;&#x64A;&#x644; &#x645;&#x635;&#x627;&#x62F;&#x631; &#x627;&#x644;&#x62E;&#x637;&#x631; &#x648; &#x646;&#x642;&#x627;&#x637; &#x627;&#x644;&#x62A;&#x62D;&#x643;&#x645; &#x627;&#x644;&#x62D;&#x631;&#x62C;&#x629; (&#x627;&#x644;&#x647;&#x627;&#x633;&#x628;) &#x641;&#x649; &#x627;&#x644;&#x648;&#x62C;&#x628;&#x627;&#x62A; &#x627;&#x644;&#x645;&#x642;&#x62F;&#x645;&#x629; &#x641;&#x649; &#x625;&#x62D;&#x62F;&#x649; &#x627;&#x644;&#x645;&#x62F;&#x646; &#x627;&#x644;&#x62C;&#x627;&#x645;&#x639;&#x64A;&#x629;</subfield>
  </datafield>
  <datafield tag="260" ind1=" " ind2=" ">
    <subfield code="a">Cairo : </subfield>
    <subfield code="b">Emad Atef Helmy Guirguis , </subfield>
    <subfield code="c">2010</subfield>
  </datafield>
  <datafield tag="300" ind1=" " ind2=" ">
    <subfield code="a">221 P. : </subfield>
    <subfield code="b">charts ; </subfield>
    <subfield code="c">25cm</subfield>
  </datafield>
  <datafield tag="502" ind1=" " ind2=" ">
    <subfield code="a">Thesis (Ph.D.) - Cairo University - Faculty of Agriculture - Department of Microbiology</subfield>
  </datafield>
  <datafield tag="520" ind1=" " ind2=" ">
    <subfield code="a">This study aimed to evaluate the food safety of the services used to prepare the Cairo University Dormitory Restaurant (the male students' department) meals and to adopt hazard analysis and critical control point (HACCP) system during the period of 2005-2008 in order to assure a safe supply of food for students </subfield>
  </datafield>
  <datafield tag="530" ind1=" " ind2=" ">
    <subfield code="a">Issued also as CD</subfield>
  </datafield>
  <datafield tag="653" ind1=" " ind2="4">
    <subfield code="a">HACCP</subfield>
  </datafield>
  <datafield tag="653" ind1=" " ind2="4">
    <subfield code="a">Meals</subfield>
  </datafield>
  <datafield tag="653" ind1=" " ind2="4">
    <subfield code="a">Microbiology</subfield>
  </datafield>
  <datafield tag="700" ind1="0" ind2=" ">
    <subfield code="a">Moawad Kamel Zahra , </subfield>
    <subfield code="e">Supervisor</subfield>
  </datafield>
  <datafield tag="700" ind1="0" ind2=" ">
    <subfield code="a">Mohammed Reda Elsherbeeny Gomaa , </subfield>
    <subfield code="e">Supervisor</subfield>
  </datafield>
  <datafield tag="700" ind1="0" ind2=" ">
    <subfield code="a">Olfat Sayed Mahmoud Barakat , </subfield>
    <subfield code="e">Supervisor</subfield>
  </datafield>
  <datafield tag="856" ind1=" " ind2=" ">
    <subfield code="u">http://172.23.153.220/th.pdf</subfield>
  </datafield>
  <datafield tag="905" ind1=" " ind2=" ">
    <subfield code="a">Nazla</subfield>
    <subfield code="e">Revisor</subfield>
  </datafield>
  <datafield tag="905" ind1=" " ind2=" ">
    <subfield code="a">Samia</subfield>
    <subfield code="e">Cataloger</subfield>
  </datafield>
  <datafield tag="942" ind1=" " ind2=" ">
    <subfield code="2">ddc</subfield>
    <subfield code="c">TH</subfield>
  </datafield>
  <datafield tag="999" ind1=" " ind2=" ">
    <subfield code="c">32539</subfield>
    <subfield code="d">32539</subfield>
  </datafield>
  <datafield tag="952" ind1=" " ind2=" ">
    <subfield code="2">ddc</subfield>
    <subfield code="7">0</subfield>
    <subfield code="a">CUCL</subfield>
    <subfield code="b">cl210</subfield>
    <subfield code="d">2024-02-11</subfield>
    <subfield code="o">Cai01.07.06.Ph.D.2010.Em.A</subfield>
    <subfield code="p">01010110054434000</subfield>
    <subfield code="r">2023-09-22 00:00:00</subfield>
    <subfield code="y">TH</subfield>
  </datafield>
  <datafield tag="952" ind1=" " ind2=" ">
    <subfield code="2">ddc</subfield>
    <subfield code="7">0</subfield>
    <subfield code="a">CUCL</subfield>
    <subfield code="b">cl2u8</subfield>
    <subfield code="d">2024-02-11</subfield>
    <subfield code="o">Cai01.07.06.Ph.D.2010.Em.A</subfield>
    <subfield code="p">01020110054434000</subfield>
    <subfield code="r">2023-09-22 00:00:00</subfield>
    <subfield code="t">54434.CD</subfield>
    <subfield code="y">CD</subfield>
  </datafield>
</record>
